Guided wave optical systems and devices : March 28-29, 1978, Washington, D.C. /

Bibliographic Details
Corporate Author: Society of Photo-optical Instrumentation Engineers
Other Authors: Garmire, Elsa M., 1939-
Format: Book
Language:English
Published: Bellingham, Wash. : Society of Photo-optical Instrumentation Engineers, [1978]
Series:Proceedings of SPIE--the International Society for Optical Engineering ; v. 139.
Subjects:
Online Access:https://www.spiedigitallibrary.org/conference-proceedings-of-SPIE/0139.toc

MARC

Tag First Indicator Second Indicator Subfields
LEADER 00000cam a2200000 i 4500
001 in00000662002
005 20230322215810.0
008 781018s1978 waua b 101 0 eng d
020 |a 089252166X 
035 |a (OCoLC)04299954 
035 |9 ACX5143AM 
040 |a YSM  |c YSM  |d CLU  |d OCL  |d TXA  |d UtOrBLW 
049 |a TXAM  |c [1243682] 
090 |a TA1660  |b .G839 
245 0 0 |a Guided wave optical systems and devices :  |b March 28-29, 1978, Washington, D.C. /  |c Elsa Garmire, editor. 
264 1 |a Bellingham, Wash. :  |b Society of Photo-optical Instrumentation Engineers,  |c [1978] 
264 4 |c ©1978 
300 |a vi, 192 pages :  |b illustrations ;  |c 28 cm. 
336 |a text  |b txt  |2 rdacontent 
337 |a unmediated  |b n  |2 rdamedia 
338 |a volume  |b nc  |2 rdacarrier 
490 1 |a Proceedings of the Society of Photo-optical Instrumentation Engineers ; v. 139 
504 |a Includes bibliographical references and indexes. 
650 0 |a Integrated optics  |v Congresses. 
650 0 |a Fiber optics  |v Congresses. 
650 0 |a Optical wave guides  |v Congresses. 
700 1 |a Garmire, Elsa M.,  |d 1939- 
710 2 |a Society of Photo-optical Instrumentation Engineers. 
830 0 |a Proceedings of SPIE--the International Society for Optical Engineering ;  |v v. 139. 
856 4 1 |u https://www.spiedigitallibrary.org/conference-proceedings-of-SPIE/0139.toc  |t 0 
999 |a MARS 
999 f f |s c4601806-8846-3508-a482-0ba79fff0b9e  |i 283519d1-adb5-305f-95fe-ab2b85f38146  |t 0 
952 f f |p ric  |a Texas A&M University  |b Rellis Campus  |c Joint Library Facility  |d Remote Storage  |t 0  |e TA1660 .G839  |h Library of Congress classification  |i unmediated -- volume  |m A14805346262 
998 f f |a TA1660 .G839  |t 0  |l Remote Storage